000 00874nas a2200241 4500
001 BR9511834
003 BR-BrBNA
005 20231205095618.0
007 ta
008 230509b bl.|||p| |||| 00| 00por d
040 _aBR-BrBNA
_bpor
_cBiblioteca Nacional de Agricultura
041 _a(Pt)
072 _aJ11
100 1 _aCantillano, R.F.F.
111 1 _a12. Congresso Brasileiro de Fruticultura
_cPorto Alegre, RS (Brazil)
_d17-22 Jan 1993
245 1 _aEfeito do butilhidroxitolueno e difenilamina no controle da escaldadura superficial em macas cvs. fuji e granny smith, produzidas no Rio Grande do Sul
650 _aMaca
650 _aArmazenamento
650 _aEscaldadura
773 0 _tRevista Brasileira de Fruticultura (Brazil)
_xISSN 0100-2945
_g(1992), v. 14(1) p. 113-117
_wBR9511834
909 _a202311
_bLúcia
_c55
_dLúcia Elande
942 _2AGRIS
_n0
_cANA
999 _c151693
_d151693